000
00320 a2200145 4500
001
167631
020
_a
040
_c
Magnum
100
_a
Conselho Nacional de Educacao
240
1
0
_a
Documenta - 1997 - nº 432
_l
por
245
1
0
_a
Documenta - 1997 - nº 432
362
0
_a
1899
697
_a
PEDAGOGIA
942
_c
BK
999
_c
167631
_d
167631